000 00507nam a2200097Ia 4500
008 170517s9999 xx 000 0 und d
245 4 _aThe Food Speculator
300 _aAssuming the role of a speculator, director Kees Brouwer tries to find out whether he is merely taking advantage of the opportunity offered to investors by the food scarcity, or that, through this abstract world of financial products, he...
650 _xBusiness and Economics.
856 _uhttp://topdocumentaryfilms.com/food-speculator/
999 _c333311
_d333311